Countries with the Lowest Literacy Rate for Women A-Z - Statistics

General Stats
  • This quiz has been taken 45 times
  • The average score is 20 of 24
Answer Stats
Letter Percentage Country % Correct
O 93% Oman
97%
Q 95% Qatar
97%
Y 35% Yemen
92%
Z 84% Zambia
89%
K 80% Kenya
87%
U 74% Uganda
87%
A 23% Afghanistan
84%
C 18% Chad
84%
H 58% Haiti
84%
J 93% Jamaica
84%
M 22% Mali
84%
N 29% Niger
84%
S 4% Somalia
84%
V 88% Vanuatu
84%
G 31% Guinea
82%
R 73% Rwanda
82%
B 35% Benin
76%
D 71% Democratic Republic of the Congo
76%
E 44% Ethiopia
76%
I 66% India
76%
L 34% Liberia
76%
P 46% Pakistan
76%
T 55% Togo
68%
F 88% Federated States of Micronesia
61%
No matching quizzes found
Score Distribution
Percent of People with Each Score
Percentile by Number Answered
Your Score History
You have not taken this quiz